| 000 | 00000nam 2200000za 4500 |
| 001 | 9.816581 |
| 003 | CaOODSP |
| 005 | 20221107142301 |
| 007 | cr ||||||||||| |
| 008 | 160429s1993 onc |o f|0| 0 eng d |
| 020 | |z0-660-15167-7 |
| 040 | |aCaOODSP|beng |
| 043 | |an-cn--- |
| 086 | 1 |aCS89-523/1993E-PDF |
| 100 | 1 |aLa Novara, Pina, |d1966- |
| 245 | 12|aA portrait of families in Canada |h[electronic resource] : |btarget groups project / |cPina La Novara. |
| 260 | |aOttawa : |bStatistics Canada, |c1993. |
| 300 | |a56 p. : |btables. |
| 500 | |aIssued also in French under title: Un portrait des familles au Canada : projet des groupes cibles. |
| 500 | |aDigitized edition from print [produced by Statistics Canada]. |
| 500 | |a"November 1993." |
| 504 | |aIncludes bibliographic references. |
| 692 | 07|2gccst|aFamily |
| 710 | 2 |aStatistics Canada. |
| 775 | 08|tUn portrait des familles au Canada |w(CaOODSP)9.816589 |
| 856 | 40|qPDF|s7.72 MB|uhttps://publications.gc.ca/collections/collection_2016/statcan/CS89-523-1993-eng.pdf |